Analýza termickej účinnosti jadrovej elektrárne s odberom tepla
Guardado en:
| Autor principal: | |
|---|---|
| Otros Autores: | |
| Formato: | Manuscrito Libro |
| Lenguaje: | eslovaco |
| Publicado: |
2020
|
| Materias: | |
| Acceso en línea: | http://is.stuba.sk/zp/portal_zp.pl?podrobnosti=150525 |
| Etiquetas: |
Sin Etiquetas, Sea el primero en etiquetar este registro!
|
MARC
| LEADER | 00000ntm a22000003a 4500 | ||
|---|---|---|---|
| 001 | stuzp79763 | ||
| 003 | SK-STU | ||
| 005 | 20200711210507.6 | ||
| 007 | ta | ||
| 008 | 150427s2015----xo-----f-mn---000-0-slo-d | ||
| 040 | |a STU |b slo | ||
| 041 | 0 | |a slo | |
| 100 | 1 | |a Matia, Tomáš |u 020060 |k Z4 |4 aut |U SjF Strojnícka fakulta |T SjF Ústav energetických strojov a zariadení |X 81709 |U J0060 |Y 805 |7 81709 | |
| 242 | 0 | 1 | |a Analysis of thermal efficiency of nuclear power plant with heat offtake |y eng |
| 245 | 1 | 0 | |a Analýza termickej účinnosti jadrovej elektrárne s odberom tepla |
| 260 | |c 2020 | ||
| 650 | 4 | |a heat offtake |2 eng | |
| 650 | 4 | |a thermal efficiency |2 eng | |
| 650 | 4 | |a nuclear power plant |2 eng | |
| 650 | 4 | |a odber tepla |2 slo | |
| 650 | 4 | |a jadrová elektráreň |2 slo | |
| 650 | 4 | |a termická účinnosť |2 slo | |
| 700 | 1 | |a Urban, František |u 020060 |k Z1 |4 ths |U SjF Strojnícka fakulta |T SjF Ústav energetických strojov a zariadení |X 2435 |U J0060 |Y 805 |7 A000002435 | |
| 856 | 4 | |u http://is.stuba.sk/zp/portal_zp.pl?podrobnosti=150525 | |